000 00723nam a2200217 a 4500
001 000012051
005 20240412074229.0
008 091104s2006 dr 001 j spa d
020 _a9993422746
040 _aDO-SdBNP
_bspa
_cBNPHU
082 _aRD863.44
_bC957f
100 1 _aCruz Medina, Ismael
_928493
245 1 3 _aLa fuerza de los débiles /
_cIsmael Cruz Medina ; prólogo Manuel Hernández Villeta.
260 _aSanto Domingo :
_bEl Nuevo Diario,
_c2006.
300 _a181 p. ;
_c21 cm.
590 _aInventariado, 2020/YL
650 0 _aCuentos dominicanos
_9176
650 0 _aLiteratura dominicana.
_967
700 1 _aHernández Villeta, Manuel
_epról.
_928494
910 _aValidado. Control de calidad MMOLINA
999 _c11719
_d11719